000 02380cam a2200337 4500500
005 20251228051247.0
041 _afre
042 _adc
100 1 0 _aDucarre, Catherine
_eauthor
245 0 0 _aLa psychanalyse en institution psychiatrique : clivage, conflit, conflictualité
260 _c2018.
500 _a94
520 _aIl est très difficile de maintenir une pensée vivante en psychiatrie du fait de la multiplicité et de la diversité des clivages qui attaquent inévitablement le quotidien de l’institution psychiatrique. En appui sur des séquences cliniques et sur la littérature actuelle sur le sujet, l’auteure se propose d’illustrer certains de ces clivages et d’examiner en quoi la psychanalyse, bien que parfois vécue comme une menace par les équipes, peut favoriser une saine conflictualité et ainsi apporter une contribution précieuse à la fonction soignante de l’institution: par l’acceptation du manque, du tiers et l’accès à la position dépressive qu’elle favorise, et aussi par le travail de figuration et de médiation qu’elle exerce.
520 _aIt is quite difficult to sustain a lively thought in psychiatry due to the diversity and multiple splittings that inevitably attack everyday life in such institutions. Based upon clinical situations and contemporary literature, the author illustrates certain splittings and examines how psycho­analysis, although sometimes perceived by caregivers as a threat, can help instate a sane conflict and lead to a precious contribution to the caring function of the institution: by acknowledging the absence, the third party and access to depressive position it favors, but also through the representation and mediation it outbrings.
690 _aclivage
690 _aconflictualité
690 _aconflit
690 _aInstitution psychiatrique
690 _apsychanalyse
690 _aréunion soignants-soignés
690 _athérapie institutionnelle
690 _acaregivers-patients meetings
690 _aconflict
690 _aconflicting
690 _ainstitutional therapy
690 _aPsychiatric institution
690 _apsychoanalysis
690 _asplitting
786 0 _nCliniques | 16 | 2 | 2018-11-14 | p. 66-84 | 2115-8177
856 4 1 _uhttps://shs.cairn.info/revue-cliniques-2018-2-page-66?lang=fr&redirect-ssocas=7080
999 _c1581519
_d1581519